50 years (Record no. 107680)

MARC details
000 -LEADER
fixed length control field 00650cam a22002055a 4500
001 - CONTROL NUMBER
control field L141467
008 - FIXED-LENGTH DATA ELEMENTS--GENERAL INFORMATION
fixed length control field 071127s1983 xxka f 000 0deng d
035 ## - SYSTEM CONTROL NUMBER
System control number (Sirsi) u141467
041 0# - LANGUAGE CODE
Language code of text/sound track or separate title eng
050 04 - LIBRARY OF CONGRESS CALL NUMBER
Classification number 920 $2 18
110 2# - MAIN ENTRY--CORPORATE NAME
Corporate name or jurisdiction name as entry element J A Storey and Partners
9 (RLIN) 3365
245 00 - TITLE STATEMENT
Title 50 years
Remainder of title 1933-1983
260 ## - PUBLICATION, DISTRIBUTION, ETC.
Place of publication, distribution, etc. [Mitcham]
Name of publisher, distributor, etc. [J. A. Storey & Partners]
Date of publication, distribution, etc. [1983]
300 ## - PHYSICAL DESCRIPTION
Extent [12] p.
Other physical details ill.
Dimensions 30 cm.
520 ## - SUMMARY, ETC.
Summary, etc. A brochure on the work of the firm of J. A. Story & Partners, including a history of the company.
600 14 - SUBJECT ADDED ENTRY--PERSONAL NAME
Personal name Story, John Anthony
651 #4 - SUBJECT ADDED ENTRY--GEOGRAPHIC NAME
Geographic name United Kingdom
Chronological subdivision
690 ## - LOCAL SUBJECT ADDED ENTRY--TOPICAL TERM (OCLC, RLIN)
Topical term or geographic name as entry element ABOUT RICS-RICS MEMBERS-CHARTERED SURVEYORS
942 ## - ADDED ENTRY ELEMENTS (KOHA)
Suppress in OPAC 0
Holdings
Withdrawn status Lost status Source of classification or shelving scheme Damaged status Not for loan Home library Current library Shelving location Date acquired Total Checkouts Full call number Barcode Date last seen Copy number Price effective from Koha item type
    Dewey Decimal Classification     London London Missing 27/11/2007   P920 STO 30074352 06/08/2019 1 06/08/2019 Book